Quiz sur l'état du Missouri - Statistiques

Statistiques générales
  • Ce quiz a été pris 31 fois
  • Le résultat moyen est 9 sur 20
Statistiques - réponses
Hint Réponse % Correct
Affluent de ce fleuve qui a donné son nom à l'état Missouri
86%
Pays européen qui a d'abord colonisé le Missouri France
83%
États frontalier qui est séparé par ce fleuve à l'Est et dont la plus grande ville est Chicago Illinois
79%
Principal fleuve qui est aussi le plus grands des États-Unis Mississippi
76%
Deuxième ville la plus peuplée qui porte le nom d'un ancien roi de France Saint Louis
72%
Plus grande ville Kansas city
59%
Nom du territoire qui comprenait le Missouri à l'époque Louisiane française
55%
Route mythique des Etats-Unis qui relie la Californie à Chicago en passant notamment par le Missouri U.S. Route 66
55%
Chanteuse, danseuse et actrice franco-américaine née dans le Missouri en 1906 et panthéonisée à Paris en 2021 Joséphine Baker
52%
Pays vers lequel le Missouri exporte le plus Canada
48%
Capitale Jefferson City
45%
Roman de l'écrivain Mark Twain écrit 1876 ayant pour héros un jeune garçon turbulent Les aventures de Tom Sawyer
45%
Ville de naissance de Mark Twain au Missouri qui porte le même nom qu'un célèbre général Carthaginois qui a traversé les Alpes avec ses éléphants Hannibal
41%
Président américain de 1945 à 1953 né à Lamar dans le Missouri Harry S. Truman
38%
Nom de la région des États-Unis très fertile qui se situe au centre du pays et dont le Missouri fait parti Midwest
34%
Franchise de NFL basé à Kansas city Chiefs de Kansas City
31%
Animal doublement présent sur le drapeau Ours
31%
Symbole de la deuxième ville du Missouri qui est aussi la plus grande arche du monde et qui est consacrée à la conquête de l'Ouest Gateway Arch
10%
Camps du Missouri pendant la guerre de Sécession L'Union
3%
Peuple amérindien le plus représenté au Missouri Cherokee
0%
Aucun quiz correspondant
Distribution des résultats
% des personnes avec chaque résultat
Percentile par nombre de réponses
Votre historique - résultats
Vous n’avez pas pris ce quiz